000 00666nam a2200289Ia 4500
005 20260324150828.0
008 008 260324s9999 xx 000 0 eng d
020 _a9781003570813
037 _aEBOOK
040 _aCRL
040 _beng
040 _cCRL
041 _2eng
041 _aeng
084 _qCRL
100 _aGeorge Devine
_91227762
245 4 _aThe Psychology of Everyman
245 0 _bNerves and the Masses
260 _bTaylor and Francis
260 _c1935
365 _a
365 _b165
856 _uhttp://www.taylorfrancis.com/books/9781003570813
942 _cEBOOK
999 _c1837905
_d1837905